Jack the giant slayer (Record no. 18072)
[ view plain ]
| 000 -LEADER | |
|---|---|
| fixed length control field | 01971cgm a22004457a 4500 |
| 007 - PHYSICAL DESCRIPTION FIXED FIELD--GENERAL INFORMATION | |
| fixed length control field | vd cgaizm |
| 008 - FIXED-LENGTH DATA ELEMENTS--GENERAL INFORMATION | |
| fixed length control field | 140217t2013 xxu109 e |||| 0| vceng d |
| 020 ## - INTERNATIONAL STANDARD BOOK NUMBER | |
| International Standard Book Number | 5051892123266 |
| 041 1# - LANGUAGE CODE | |
| Language code of text/sound track or separate title | eng |
| -- | ger |
| -- | ita |
| 082 04 - DEWEY DECIMAL CLASSIFICATION NUMBER | |
| Edition number | 22 |
| Classification number | 791.4372 |
| Item number | JAC |
| 245 00 - TITLE STATEMENT | |
| Title | Jack the giant slayer |
| Medium | [videorecording] / |
| Statement of responsibility, etc | New Line Cinema, Legendary Pictures, an Original Film, a Big Kid Pictures, a Bad Hat Harry production ; screenplay by Darren Lemke and Christopher McQuarrie and Dan Studney ; produced by Neal H. Moritz ... [et al.] ; directed by Bryan Singer. |
| 250 ## - EDITION STATEMENT | |
| Edition statement | 2.40 : 1 widescreen |
| 260 ## - PUBLICATION, DISTRIBUTION, ETC. (IMPRINT) | |
| Place of publication, distribution, etc | [Burbank, United States] : |
| Name of publisher, distributor, etc | Warner Bros. Entertainment INC. : |
| -- | Legendary Pictures, |
| Date of publication, distribution, etc | c.2013. |
| 300 ## - PHYSICAL DESCRIPTION | |
| Extent | 1 videodiscs (109 min.) : |
| Other physical details | sd., col. ; |
| Dimensions | 4 3/4 in. |
| 508 ## - CREATION/PRODUCTION CREDITS NOTE | |
| Creation/production credits note | Director of photography Newtom Thomas Sigel ; editors John Ottman, Bob Ducsay ; music by John Ottman. |
| 511 ## - PARTICIPANT OR PERFORMER NOTE | |
| Participant or performer note | Nicholas Hoult, Eleanor Tomlinson, Stanley Tucci. |
| 521 ## - TARGET AUDIENCE NOTE | |
| Target audience note | Suitable only for persons of 12 years and over. |
| 546 ## - LANGUAGE NOTE | |
| Language note | In English, German, Italian languages. |
| 650 #0 - SUBJECT ADDED ENTRY--TOPICAL TERM | |
| 9 (RLIN) | 35280 |
| Topical term or geographic name as entry element | Giants |
| Form subdivision | Drama |
| 650 #0 - SUBJECT ADDED ENTRY--TOPICAL TERM | |
| 9 (RLIN) | 35281 |
| Topical term or geographic name as entry element | Princesses |
| Form subdivision | Drama |
| 653 ## - INDEX TERM--UNCONTROLLED | |
| -- | EEENG |
| -- | February2014 |
| 700 1# - ADDED ENTRY--PERSONAL NAME | |
| 9 (RLIN) | 35282 |
| Personal name | Tucci, Stanley, |
| Dates associated with a name | 1960- |
| 700 1# - ADDED ENTRY--PERSONAL NAME | |
| 9 (RLIN) | 35283 |
| Personal name | Tomlinson, Eleanor, |
| Dates associated with a name | 1992- |
| 700 1# - ADDED ENTRY--PERSONAL NAME | |
| 9 (RLIN) | 35284 |
| Personal name | Hoult, Nicholas, |
| Dates associated with a name | 1989- |
| 700 1# - ADDED ENTRY--PERSONAL NAME | |
| 9 (RLIN) | 35285 |
| Personal name | Ottman, John, |
| Dates associated with a name | 1964- |
| 700 1# - ADDED ENTRY--PERSONAL NAME | |
| 9 (RLIN) | 35286 |
| Personal name | Ducsay, Bob, |
| Dates associated with a name | 1962- |
| 700 1# - ADDED ENTRY--PERSONAL NAME | |
| 9 (RLIN) | 35285 |
| Personal name | Ottman, John, |
| Dates associated with a name | 1964- |
| 700 1# - ADDED ENTRY--PERSONAL NAME | |
| 9 (RLIN) | 35287 |
| Personal name | Sigel, Newton Thomas, |
| Dates associated with a name | 1955- |
| 700 1# - ADDED ENTRY--PERSONAL NAME | |
| 9 (RLIN) | 35294 |
| Personal name | Lemke, Darren |
| 700 1# - ADDED ENTRY--PERSONAL NAME | |
| 9 (RLIN) | 35295 |
| Personal name | McQuarrie, Christopher, |
| Dates associated with a name | 1968- |
| 700 1# - ADDED ENTRY--PERSONAL NAME | |
| 9 (RLIN) | 35296 |
| Personal name | Studney, Dan |
| 700 1# - ADDED ENTRY--PERSONAL NAME | |
| 9 (RLIN) | 35297 |
| Personal name | Moritz, Neal H., |
| Dates associated with a name | 1959- |
| 700 1# - ADDED ENTRY--PERSONAL NAME | |
| 9 (RLIN) | 35298 |
| Personal name | Singer, Bryan, |
| Dates associated with a name | 1965- |
| 710 2# - ADDED ENTRY--CORPORATE NAME | |
| 9 (RLIN) | 35288 |
| Corporate name or jurisdiction name as entry element | Legendary Pictures |
| 710 2# - ADDED ENTRY--CORPORATE NAME | |
| 9 (RLIN) | 35289 |
| Corporate name or jurisdiction name as entry element | Original Film (Firm) |
| 710 2# - ADDED ENTRY--CORPORATE NAME | |
| 9 (RLIN) | 35290 |
| Corporate name or jurisdiction name as entry element | Big Kid Pictures (Firm) |
| 710 2# - ADDED ENTRY--CORPORATE NAME | |
| 9 (RLIN) | 35291 |
| Corporate name or jurisdiction name as entry element | Bad Hat Harry Productions |
| 710 2# - ADDED ENTRY--CORPORATE NAME | |
| 9 (RLIN) | 35292 |
| Corporate name or jurisdiction name as entry element | New Line Cinema Corporation |
| 942 ## - ADDED ENTRY ELEMENTS (KOHA) | |
| Source of classification or shelving scheme | Dewey Decimal Classification |
| Item type | |
| Call number prefix | 791.4372 JAC |
| Withdrawn status | Lost status | Source of classification or shelving scheme | Damaged status | Not for loan | Koha collection | Home library | Current library | Shelving location | Date acquired | Source of acquisition | Total Checkouts | Full call number | Barcode | Date last seen | Date last borrowed | Koha item type |
|---|---|---|---|---|---|---|---|---|---|---|---|---|---|---|---|---|
| Dewey Decimal Classification | Baccah | Central Library | Central Library | Second Floor | 17/02/2014 | Purchase | 1 | 791.4372 JAC | 000035635 | 24/08/2022 | 16/08/2016 | CD | DVD - Movie (NB) |